000 00614nam a2200193Ia 4500
003 GCL
008 140319s9999 xx 000 0 ara d
020 _a3152291977
040 _aGCL /
_cGCL
082 0 4 _a928.2
_bع ا
100 1 _aعلى عبدالفتاح
245 1 0 _aاعلام فى الادب العالمى /
_cعلى عبدالفتاح
250 _aالاولى
260 _aالقاهرة :
_bمركز الحضارة العربية للاعلام والنشر ،
_c1999
300 _a341 ص ؛
_c24 سم
650 0 4 _aالتراجم الادبية
650 0 4 _aالادباء
942 _2ddc
_cBK
999 _c5096
_d5096